Lingüística de corpus y enseñanza del español como 2-L
Sábháilte in:
| Príomhchruthaitheoir: | |
|---|---|
| Formáid: | LEABHAR |
| Teanga: | Béarla |
| Foilsithe / Cruthaithe: |
Madrid, España:
Arco Libros,
2017
|
| Eagrán: | 2ª edición |
| Sraith: | Manuales de formación de profesores de español 2/L.
|
| Ábhair: | |
| Clibeanna: |
Cuir clib leis
Níl clibeanna ann, Bí ar an gcéad duine le clib a chur leis an taifead seo!
|
MARC
| LEADER | 00000nam a22000007a 4500 | ||
|---|---|---|---|
| 003 | CL-VaPUC | ||
| 005 | 20220505094746.0 | ||
| 008 | 220406b2017 ||||| |||| 00| 0 eng d | ||
| 999 | |c 435302 |d 435300 | ||
| 020 | |a 978-84-7635-850-4 | ||
| 040 | |c Pontificia Universidad Católica de Valparaíso | ||
| 082 | 0 | 4 | |2 21 |a 468 CRU 2017 |
| 100 | 1 | |a Cruz Piñol, Mar |e autora |9 868020 | |
| 245 | 1 | 0 | |a Lingüística de corpus y enseñanza del español como 2-L |
| 250 | |a 2ª edición | ||
| 260 | |a Madrid, España: |b Arco Libros, |c 2017 | ||
| 300 | |a 189 páginas | ||
| 490 | 0 | |a Manuales de formación de profesores de español 2/L. | |
| 500 | |a C.1 Donación Familia profesor Giovanni Parodi S. Memo 01/2022. 25-03-2022 | ||
| 583 | |c 20220406 |k Catalogador Asistente | ||
| 650 | 1 | |a Corpus lingüístico |x Lengua española |x Estudio y enseñanza |9 868678 | |
| 650 | 1 | |a Lingüística aplicada |x Lengua española |x Adquisición de una segunda lengua |9 868679 | |
| 942 | |2 ddc |c BK | ||
| 952 | |0 0 |1 0 |2 ddc |4 0 |6 468_000000000000000_CRU_2017 |7 0 |8 C_GPS |9 582480 |a FDOPOS |b FDOPOS |c GEN |d 2022-04-06 |e Donación |i 5650712 |o 468 CRU 2017 |p 5650712 |r 2025-01-22 |t 1 |w 2022-04-06 |y BK |k MLA | ||